MARC details
| 000 -LEADER |
| fixed length control field |
04650cam a2200553 i 4500 |
| 001 - CONTROL NUMBER |
| control field |
data |
| 005 - DATE AND TIME OF LATEST TRANSACTION |
| control field |
20260322212111.0 |
| 008 - FIXED-LENGTH DATA ELEMENTS--GENERAL INFORMATION |
| fixed length control field |
data |
| 035 ## - SYSTEM CONTROL NUMBER |
| System control number |
22741897 |
| 010 ## - LIBRARY OF CONGRESS CONTROL NUMBER |
| LC control number |
2017300684 |
| 015 ## - NATIONAL BIBLIOGRAPHY NUMBER |
| National bibliography number |
GBC1D2471 |
| Source |
bnb |
| 016 7# - NATIONAL BIBLIOGRAPHIC AGENCY CONTROL NUMBER |
| Record control number |
020290805 |
| Source |
Uk |
| 020 ## - INTERNATIONAL STANDARD BOOK NUMBER |
| International Standard Book Number |
1801177899 |
| Qualifying information |
(hardcover) |
| 020 ## - INTERNATIONAL STANDARD BOOK NUMBER |
| International Standard Book Number |
9781801177894 |
| Qualifying information |
(hardcover) |
| 020 ## - INTERNATIONAL STANDARD BOOK NUMBER |
| Canceled/invalid ISBN |
9781801177900 |
| Qualifying information |
(ePub ebook) |
| 020 ## - INTERNATIONAL STANDARD BOOK NUMBER |
| Canceled/invalid ISBN |
9781801177887 |
| Qualifying information |
(PDF ebook) |
| 035 ## - SYSTEM CONTROL NUMBER |
| System control number |
(OCoLC)1255777358 |
| 040 ## - CATALOGING SOURCE |
| Original cataloging agency |
YDX |
| Language of cataloging |
eng |
| Transcribing agency |
YDX |
| Description conventions |
rda |
| Modifying agency |
DLC |
| -- |
OCLCO |
| -- |
OCLCF |
| -- |
YDX |
| -- |
OCL |
| -- |
OCLCO |
| -- |
CSA |
| -- |
OCLCO |
| -- |
OCLCQ |
| -- |
DLC |
| 042 ## - AUTHENTICATION CODE |
| Authentication code |
lccopycat |
| 050 00 - LIBRARY OF CONGRESS CALL NUMBER |
| Classification number |
HG173 |
| Item number |
.R449 2021 |
| 082 04 - DEWEY DECIMAL CLASSIFICATION NUMBER |
| Classification number |
332 |
| Edition information |
23 |
| 245 00 - TITLE STATEMENT |
| Title |
Rethinking finance in the face of new challenges / |
| Statement of responsibility, etc. |
edited by David Bourghelle, Roland Pérez and Philippe Rozin. |
| 250 ## - EDITION STATEMENT |
| Edition statement |
First edition. |
| 264 #1 - PRODUCTION, PUBLICATION, DISTRIBUTION, MANUFACTURE, AND COPYRIGHT NOTICE |
| Place of production, publication, distribution, manufacture |
Bingley, UK : |
| Name of producer, publisher, distributor, manufacturer |
Emerald Publishing Limited, |
| Date of production, publication, distribution, manufacture, or copyright notice |
2021. |
| 264 #4 - PRODUCTION, PUBLICATION, DISTRIBUTION, MANUFACTURE, AND COPYRIGHT NOTICE |
| Date of production, publication, distribution, manufacture, or copyright notice |
©2021 |
| 300 ## - PHYSICAL DESCRIPTION |
| Extent |
xxix, 277 pages : |
| Other physical details |
illustrations ; |
| Dimensions |
23 cm |
| 336 ## - CONTENT TYPE |
| Content type term |
text |
| Content type code |
txt |
| Source |
rdacontent |
| 337 ## - MEDIA TYPE |
| Media type term |
unmediated |
| Media type code |
n |
| Source |
rdamedia |
| 338 ## - CARRIER TYPE |
| Carrier type term |
volume |
| Carrier type code |
nc |
| Source |
rdacarrier |
| 490 1# - SERIES STATEMENT |
| Series statement |
Critical Studies on Corporate Responsibility, Governance and Sustainability ; |
| Volume/sequential designation |
volume 15 |
| 504 ## - BIBLIOGRAPHY, ETC. NOTE |
| Bibliography, etc. note |
Includes bibliographical references and index. |
| 505 0# - FORMATTED CONTENTS NOTE |
| Formatted contents note |
Preface: Financial values as social fact / Andre Orléan -- Rethinking finance in the face of new social, societal and environmental challenges / David Bourghelle and Philippe Rozin -- Part I. Finance, financialization in a global market -- Introduction: Finance and financialisation in a global world / Yamina Tadjeddine -- 1. Financial instability and temporality conflicts in financialized capitalism / Renaud du Tertre -- 2. Unconventional monetary policies: new normal or "black hole"? 2019: the year of truth / Jacques Ninet -- 3. On the financialization of business strategies / Roland Pérez -- 4. How do we counter financialization? / Paul Jorion -- Part II. The construction of financial values: an historical perspective -- Introduction: The construction of financial values: a historical perspective / Catherine Karyotis -- 5. Paving the way towards financialization: The French case of state venality of offices (century 15th-17th) / Nicolas Pinsard -- 6. The institutional architecture of value: appraisals and the formation of bubbles in the financialized real estate sector / Marine Duros -- 7. Accounting as a political object / Edouard Jourdain -- Part III. Social reality and the new financial structures: sustainable and participatory finance -- Introduction: Responsible finance and social impact: assessing alternative forms of social engagement and value creation / Sharam Alijani -- 8. Social impacts and their contracts / Florence Jany-Catrice and Marion Studer -- 9. The crowdfunding: towards a commodification of generosity? / Amélie Artis and Virginie Monvoisin -- 10. Sustainable finance: concepts, analyses and perspectives / Dhafer Saidane and Sana Ben Abdallah -- Part IV. Finance, markets and society: rethinking the paradigm? -- Introduction: Finance, markets and society: rethinking the paradigm / Roland Pérez -- 11. Economics and finance: the monopoly and dangers of the mainstream school of thought / Marc Chesney -- 12. Can behavioral finance be the foundation for new regulation? / Sabrina Chikh and Pascal Grandin -- 13. Collective affects and speculative bubbles in financial markets: a Spinozist perspective / David Bourghelle and Philippe Rozin -- 14. Teaching finance through a social science lens / Stéphanie Serve and Yamina Tadjeddine -- Conclusion: Finance and sustainability: an integrated thinking / Thomas Lagoarde-Segot, Roland Pérez, and William Sun -- Postscript / Michel Levasseur -- Index. |
| 520 ## - SUMMARY, ETC. |
| Summary, etc. |
Rethinking Finance in the Face of New Challengesprovides an overview of the new research perspectives devoted to financial activity, reconsidering the opposition between orthodox and heterodox schools of finance. |
| 650 #0 - SUBJECT ADDED ENTRY--TOPICAL TERM |
| Topical term or geographic name entry element |
Finance. |
| 650 #0 - SUBJECT ADDED ENTRY--TOPICAL TERM |
| Topical term or geographic name entry element |
Finance |
| General subdivision |
History. |
| 650 #6 - SUBJECT ADDED ENTRY--TOPICAL TERM |
| Topical term or geographic name entry element |
Finances. |
| 650 #6 - SUBJECT ADDED ENTRY--TOPICAL TERM |
| Topical term or geographic name entry element |
Finances |
| General subdivision |
Histoire. |
| 650 #7 - SUBJECT ADDED ENTRY--TOPICAL TERM |
| Topical term or geographic name entry element |
finance. |
| Source of heading or term |
aat |
| 650 #7 - SUBJECT ADDED ENTRY--TOPICAL TERM |
| Topical term or geographic name entry element |
Finance. |
| Source of heading or term |
fast |
| Authority record control number or standard number |
(OCoLC)fst00924349 |
| 655 #7 - INDEX TERM--GENRE/FORM |
| Genre/form data or focus term |
History. |
| Source of term |
fast |
| Authority record control number or standard number |
(OCoLC)fst01411628 |
| 700 1# - ADDED ENTRY--PERSONAL NAME |
| Personal name |
Bourghelle, David, |
| Relator term |
editor. |
| 700 1# - ADDED ENTRY--PERSONAL NAME |
| Personal name |
Pérez, Roland, |
| Relator term |
editor. |
| 700 1# - ADDED ENTRY--PERSONAL NAME |
| Personal name |
Rozin, Philippe, |
| Relator term |
editor. |
| 776 08 - ADDITIONAL PHYSICAL FORM ENTRY |
| Relationship information |
Ebook version : |
| International Standard Book Number |
9781801177900 |
| 830 #0 - SERIES ADDED ENTRY--UNIFORM TITLE |
| Uniform title |
Critical studies on corporate responsibility, governance and sustainability ; |
| Volume/sequential designation |
v. 15. |
| 906 ## - LOCAL DATA ELEMENT F, LDF (RLIN) |
| a |
7 |
| b |
cbc |
| c |
copycat |
| d |
2 |
| e |
ncip |
| f |
20 |
| g |
y-gencatlg |
| 925 0# - |
| -- |
acquire |
| -- |
2 shelf copies |
| -- |
policy default |